000 00300nam a22001337a 4500
008 190205b xxu||||| |||| 00| 0 eng d
020 _a0876208367
041 _aeng
080 _a316
100 _a50
101 _aSOC
245 _aSocial Stratification in America
_cBreghley, L
942 _2udc
_cBK
999 _c54049
_d54049